000 00749nam a2200265Ia 4500
005 20260302115714.0
008 008 260114s9999 xx 000 0 eng d
020 _a9781509971428
037 _aTextbook
040 _aCRL
040 _beng
040 _cCRL
041 _2eng
041 _aeng
084 _qCRL
100 _aBruno Rodríguez-Rosado, Rocío Caro Gándara and Antonio Legerén-Molina
_91122402
245 0 _aCause and Consideration Exploring the Foundations of Contract Law
260 _bBloomsbury
260 _bHart Publishing
260 _c2025
650 _aLaw
856 _uhttps://doi.org/10.5040/9781509971428?locatt=label:secondary_bloomsburyCollections
942 _cEBOOK
999 _c1687181
_d1687181